00535nam a2200169Ia 4500008004100000100001800041245005800059245001800117260005900135260000900194300001100203650001800214650001500232856002600247999001900273952007300292170221s9999 xx 000 0 und d aTara Brabazon aFacing OffTheorizing Over-Sharing and Under-Reading  cTara Brabazon bOnline Journal of Communication and Media Technologies c2014 a34 : 7 xCommunication xMedia Arts uhttp://www.ojcmt.net/ c310828d310828 001040aCLbCLd2017-02-21l0r2017-02-21 00:00:00w2017-02-21yFOJ